[Event "CRI-ch (Women)"]
[Site "San Jose"]
[Date "2015.09.05"]
[Round "9"]
[White "Ramirez Almeciga, Yenny Melissa"]
[Black "Rodriguez Arrieta, Maria Elena"]
[Result "0-1"]
[WhiteElo "1615"]
[BlackElo "1923"]
[PlyCount "50"]
[EventDate "2015.08.26"]
[EventType "tourn"]
[EventRounds "9"]
[EventCountry "CRI"]
[SourceTitle "EXT 2016"]
[Source "ChessBase"]
[SourceDate "2015.10.08"]
[SourceVersion "1"]
[SourceVersionDate "2015.10.08"]
[SourceQuality "1"]

1. e4 e5 2. Nf3 Nc6 3. Bb5 Nge7 4. 0-0 g6 5. d3 a6 6. Ba4 Bg7 7. c3 0-0 8. Re1 b5 9. Bc2 d5 10. h3 Qd6 11. Nbd2 f5 12. exd5 Nxd5 13. Bb3 Kh8 14. Nf1 Na5 15. Bxd5 Qxd5 16. Qe2 Bb7 17. b4 Nc6 18. Ne3 Qd7 19. Rd1 Rad8 20. Bb2 Qe7 21. a3 Rd6 22. c4 Nd4 23. Qf1 Nxf3+ 24. gxf3 Bxf3 25. Rdc1 g5 0-1

[Event "CRI-ch (Women)"]
[Site "San Jose"]
[Date "2015.09.02"]
[Round "7"]
[White "Morera Campos, Yanori Maria"]
[Black "Ramirez Almeciga, Yenny Melissa"]
[Result "0-1"]
[WhiteElo "1801"]
[BlackElo "1615"]
[PlyCount "72"]
[EventDate "2015.08.26"]
[EventType "tourn"]
[EventRounds "9"]
[EventCountry "CRI"]
[SourceTitle "EXT 2016"]
[Source "ChessBase"]
[SourceDate "2015.10.08"]
[SourceVersion "1"]
[SourceVersionDate "2015.10.08"]
[SourceQuality "1"]

1. d4 d5 2. c4 e6 3. Nc3 c5 4. cxd5 exd5 5. Nf3 Nc6 6. g3 Bf5 7. a3 Rc8 8. Bg2 Nf6 9. 0-0 c4 10. Re1 Ne4 11. Nh4 Nxc3 12. bxc3 Be6 13. e4 Be7 14. exd5 Bxd5 15. Qg4 0-0 16. Bxd5 Qxd5 17. Nf5 Bf6 18. Bh6 g6 19. Bxf8 Kxf8 20. Ne3 Qd8 21. Nxc4 Nxd4 22. Nd6 Nf5 23. Nxc8 Bxc3 24. Qc4 Bxa1 25. Rxa1 Nd4 26. Qc5+ Kg8 27. Ne7+ Kg7 28. Nd5 Nc6 29. Rd1 Qg5 30. Nf4 Qxc5 31. h4 Qxa3 32. h5 Qa4 33. Rd7 Ne5 34. Rxb7 Qa2 35. hxg6 hxg6 36. Kg2 Ng4 0-1